[Event "Ch Europe (juniors) (under 18)"]
[Site "masterchessopen.com Albena (Bulgaria)"]
[Date "2011.09.12"]
[Round "2"]
[White "Pavel Sebastian-Ionut (ROM)"]
[Black "Wieczorek Oskar (POL)"]
[Result "0-1"]
[WhiteElo "1921"]
[BlackElo "2374"]

1.e4 c5 2.Nf3 e6 3.d4 cxd4 4.Nxd4 Nf6 5.Nc3 d6 6.g3 Nc6 7.Bg2 Bd7 8.O-O Be7
9.Ndb5 Qb8 10.Bf4 Ne5 11.Bg5 a6 12.Bxf6 gxf6 13.Nd4 h5 14.h3 Qc7 15.Qe2 O-O-O
16.Nd1 Kb8 17.Ne3 Rc8 18.Rac1 Qb6 19.Nf3 Qxb2 20.Nxe5 Qxe5 21.Rb1 Ka7 22.c4
Bc6 23.f4 Qc5 24.Kh2 h4 25.g4 Bf8 26.Rb3 Bh6 27.e5 fxe5 28.fxe5 Qxe5+ 29.Kg1
Bxg2 30.Kxg2 Rc7 31.Rf3 Qe4 32.Qf2 Ka8 33.Kh2 Rhc8 {#R} 0-1

[Event "Ch Europe (juniors) (under 16) (g)"]
[Site "masterchessopen.com Albena (Bulgaria)"]
[Date "2011.09.14"]
[Round "4"]
[White "Cemhan Kardelen (TUR)"]
[Black "Zarkovic Mila (SRB)"]
[Result "0-1"]
[WhiteElo "1815"]
[BlackElo "2015"]

1.e4 c5 2.Nf3 e6 3.d4 cxd4 4.Nxd4 Nf6 5.Nc3 d6 6.g3 Be7 7.Bg2 O-O 8.O-O a6
9.a4 Qc7 10.f4 Nc6 11.Nb3 b6 12.Be3 Bb7 13.g4 Nd7 14.g5 Rae8 15.Rf3 Nb4 16.Rh3
g6 17.f5 exf5 18.exf5 Bxg2 19.Kxg2 Ne5 20.f6 Bd8 21.Nd2 Qc6+ 22.Kg1 d5 23.Rc1
Qe6 24.Rg3 Bc7 25.Bf4 Qf5 26.Qf1 d4 27.Ne2 Nd5 28.Bxe5 Qxe5 29.Qh3 h5 30.Re1
Nf4 {#R} 0-1

[Event "Ch Europe (juniors) (under 10)"]
[Site "masterchessopen.com Albena (Bulgaria)"]
[Date "2011.09.19"]
[Round "8"]
[White "Asadli Vugar"]
[Black "Hakobyan Aram"]
[Result "1-0"]
[WhiteElo "1785"]
[BlackElo "1815"]

1.e4 c5 2.Nf3 e6 3.d4 cxd4 4.Nxd4 Nf6 5.Nc3 d6 6.g3 Be7 7.Bg2 O-O 8.O-O a6
9.Kh1 Qc7 10.f4 Nc6 11.Be3 Na5 12.g4 Nc4 13.Bc1 e5 14.Nf5 exf4 15.g5 Bxf5
16.gxf6 Bxf6 17.Nd5 Qd8 18.exf5 Rb8 19.Bxf4 Bxb2 20.Rb1 Be5 21.Qg4 Bxf4
22.Qxf4 Ne5 23.f6 Ng6 24.Qd4 Ne5 25.Rbe1 Re8 26.Re3 g6 27.Qf4 Re6 28.Rh3 Qf8
29.Qh4 h5 30.Qg5 Kh7 31.Nf4 {#r} 1-0

[Event "Memorial Oliver Gonzalez (open)"]
[Site "masterchessopen.com Madrid (Spain)"]
[Date "2011.10.09"]
[Round "2"]
[White "Pablos Tenrero Raquel (ESP)"]
[Black "Semprun Martinez Fernando (ESP)"]
[Result "0-1"]
[WhiteElo "1947"]
[BlackElo "2204"]

1.e4 c5 2.Nf3 e6 3.d4 cxd4 4.Nxd4 Nf6 5.Nc3 d6 6.g3 Nc6 7.Bg2 Bd7 8.Nb3 Be7
9.O-O O-O 10.Kh1 Na5 11.f4 Nxb3 12.cxb3 Bc6 13.g4 d5 14.e5 Ne4 15.Qe2 Nxc3
16.bxc3 Qb6 17.Qe1 d4 18.cxd4 Bxg2+ 19.Kxg2 Qxd4 20.Be3 Qe4+ 21.Kg1 Rfc8
22.Qg3 Rc3 23.Rae1 Rd8 24.Qf3 Qxf3 25.Rxf3 Rdd3 26.Kf2 Bh4+ 27.Rg3 Bxg3+
28.hxg3 Rc2+ 29.Re2 Rxe2+ 30.Kxe2 Rd5 31.b4 b6 32.Kf3 Rd3 {#R} 0-1

[Event "It (open)"]
[Site "masterchessopen.com Bogota (Colombia)"]
[Date "2011.12.09"]
[Round "7"]
[White "Fuentes Jorge (URU)"]
[Black "Carrillo Custodio (COL)"]
[Result "0-1"]
[WhiteElo "1945"]
[BlackElo "1906"]

1.e4 c5 2.Nf3 d6 3.d4 cxd4 4.Nxd4 Nf6 5.Nc3 e6 6.g3 Be7 7.Bg2 O-O 8.O-O Nbd7
9.Be3 a6 10.a4 Qc7 11.a5 Ne5 12.Nb3 Nc4 13.Bc1 Bd7 14.Kh1 Rac8 15.Re1 Rfd8
16.h3 Bc6 17.f3 d5 18.e5 Nxe5 19.Bf4 Bd6 20.Qe2 Ng6 21.Bxd6 Qxd6 22.f4 h5
23.Qf3 {#R} 0-1

[Event "It (open)"]
[Site "masterchessopen.com Bogota (Colombia)"]
[Date "2011.12.11"]
[Round "9"]
[White "Ruiz Pablo (COL)"]
[Black "Barros Raul (COL)"]
[Result "1-0"]
[WhiteElo "2294"]
[BlackElo "2032"]

1.e4 c5 2.Nf3 e6 3.d4 cxd4 4.Nxd4 Nf6 5.Nc3 d6 6.g3 Be7 7.Bg2 O-O 8.O-O a6
9.f4 Qc7 10.Be3 Nc6 11.Nxc6 bxc6 12.Na4 Rb8 13.c4 d5 14.e5 Nd7 15.Rc1 Qd8
16.Rf2 Re8 17.cxd5 cxd5 18.Rfc2 f6 19.Ba7 {#r} 1-0

[Event "It \"]
[Site "masterchessopen.com Las Vegas (USA)"]
[Date "2011.12.29"]
[Round "6"]
[White "Yankovsky Roman (RUS)"]
[Black "Arnold Marc T (USA)"]
[Result "1-0"]
[WhiteElo "2397"]
[BlackElo "2504"]

1.e4 c5 2.Nf3 e6 3.d4 cxd4 4.Nxd4 Nf6 5.Nc3 d6 6.g3 Be7 7.Bg2 O-O 8.O-O a6
9.Re1 Qc7 10.h3 Nc6 11.Nxc6 bxc6 12.Na4 Bb7 13.c4 Rfd8 14.c5 a5 15.Qc2 d5
16.Bf4 e5 17.Bxe5 Qxe5 18.exd5 Qc7 19.d6 Bxd6 20.cxd6 Rxd6 21.Re5 Rad8 22.Qc3
Nd5 23.Rae1 f6 24.Bxd5+ Rxd5 25.Re7 Qb8 26.Nb6 {#r} 1-0

[Event "Ch Valle"]
[Site "masterchessopen.com Cali (Colombia)"]
[Date "2012.02.11"]
[Round "3"]
[White "Mateus Martha (COL)"]
[Black "Chavarro Hugo"]
[Result "0-1"]
[WhiteElo "2148"]
[BlackElo "2287"]

1.e4 c5 2.Nf3 d6 3.d4 cxd4 4.Nxd4 Nf6 5.Nc3 e6 6.g3 Be7 7.Bg2 O-O 8.O-O a6
9.Be3 Qc7 10.g4 Nfd7 11.f4 Nc6 12.g5 Re8 13.Qh5 g6 14.Qh4 Bf8 15.Rf3 Bg7
16.Nde2 Ne7 17.Raf1 f5 18.gxf6 Nxf6 19.Bd4 Rf8 20.Kh1 Bd7 21.Bh3 Nc6 22.Be3
Rae8 23.Nd4 b5 24.a3 Nxd4 25.Bxd4 Bc6 26.Bg2 Nxe4 27.Rh3 Bf6 28.Bxf6 Nxf6
29.Rg3 Bxg2+ 30.Rxg2 Rf7 31.f5 exf5 32.Rxf5 Qe7 33.Rf1 Nh5 {#R} 0-1

[Event "Verbandsliga Mitte 2011/12"]
[Site "masterchessopen.com Germany"]
[Date "2012.02.26"]
[Round "7"]
[White "Gurevich Mikhail (TUR)"]
[Black "Thiel Joachim"]
[Result "1-0"]
[WhiteElo "2052"]
[BlackElo "2007"]

1.e4 c5 2.Nf3 e6 3.Nc3 Nf6 4.d4 cxd4 5.Nxd4 d6 6.g3 Be7 7.Bg2 O-O 8.O-O a6
9.Be3 Qc7 10.Qe2 Nc6 11.f4 Bd7 12.Nb3 b5 13.a3 Rab8 14.g4 Rfc8 15.g5 Ne8
16.Rf3 Bf8 17.Rh3 g6 18.Qf2 e5 19.f5 gxf5 20.exf5 Ng7 21.Nd5 {#r} 1-0

[Event "Tournament (open) \"]
[Site "masterchessopen.com Athens (Greece)"]
[Date "2012.03.06"]
[Round "1"]
[White "Sideris Theodoros (GRE)"]
[Black "Kourkoulos-Arditis Stamatis (GRE)"]
[Result "0-1"]
[WhiteElo "2008"]
[BlackElo "2150"]

1.e4 c5 2.Nf3 d6 3.d4 cxd4 4.Nxd4 Nf6 5.Nc3 e6 6.g3 Be7 7.Bg2 O-O 8.O-O a6
9.a4 Nc6 10.Nxc6 bxc6 11.e5 Nd5 12.Nxd5 exd5 13.exd6 Bxd6 14.c4 dxc4 15.Bxc6
Rb8 16.Be3 Qc7 17.Be4 Be6 18.a5 Rxb2 19.Bb6 Qe7 20.Qd4 Rb5 21.Rfe1 g6 22.Bc6
Bc5 23.Qh4 Qxh4 24.gxh4 Bxb6 25.Bxb5 axb5 26.axb6 Rb8 27.h5 gxh5 28.Ra6 b4
29.Rea1 Kg7 30.R1a4 b3 31.Rb4 c3 32.b7 b2 33.Rc6 Bd5 {#R} 0-1

[Event "Ch Europe"]
[Site "masterchessopen.com Plovdiv (Bulgaria)"]
[Date "2012.03.24"]
[Round "5"]
[White "Lederman Leon (ISR)"]
[Black "Ljangov Petar (BUL)"]
[Result "0-1"]
[WhiteElo "2296"]
[BlackElo "2105"]

1.e4 c5 2.Nf3 d6 3.d4 cxd4 4.Nxd4 Nf6 5.Nc3 e6 6.g3 Nc6 7.Bg2 Bd7 8.Ndb5 Qb8
9.Bf4 Ne5 10.Bg5 a6 11.Nd4 Be7 12.f4 Nc6 13.Nf3 O-O 14.Qe2 h6 15.Bh4 Re8
16.O-O-O Qc7 17.h3 Rac8 18.g4 b5 19.a3 b4 20.axb4 Nxb4 21.Nd4 Nxe4 22.Bxe4
Bxh4 23.g5 d5 24.Qg4 hxg5 25.fxg5 Qg3 26.Nf3 dxe4 27.Nxh4 Rxc3 28.Qxg3 Rxg3
29.Rxd7 Rc8 30.Rd4 Nxc2 31.Rxe4 Rxg5 32.Kb1 Rb5 33.Ra4 Rb4 {#R} 0-1

[Event "Ch Attica (juniors) (under 08 -16)"]
[Site "masterchessopen.com Peristeri (Greece)"]
[Date "2012.04.20"]
[Round "5"]
[White "Kalogridakis Georgios"]
[Black "Florakis Konstantinos"]
[Result "1-0"]
[WhiteElo "1904"]
[BlackElo "1664"]

1.e4 c5 2.Nf3 e6 3.d4 cxd4 4.Nxd4 Nf6 5.Nc3 d6 6.g3 Be7 7.Bg2 a6 8.O-O Nbd7
9.Qe2 Qc7 10.Be3 Rb8 11.f4 b5 12.e5 dxe5 13.Nc6 Ra8 14.fxe5 Nd5 15.Bxd5 Bc5
16.Bxc5 exd5 17.Qf2 Nxc5 18.Nxd5 Qb7 19.Qxc5 Be6 20.Qb6 Rb8 21.Nc7+ {#r} 1-0

[Event "Tournament \"]
[Site "masterchessopen.com Minneapolis (USA)"]
[Date "2012.05.02"]
[Round "2"]
[White "Drake Jason (USA)"]
[Black "Hoover Nathan (USA)"]
[Result "1-0"]
[WhiteElo "2180"]
[BlackElo "2123"]

1.e4 c5 2.Nf3 d6 3.d4 cxd4 4.Nxd4 Nf6 5.Nc3 e6 6.g3 a6 7.Bg2 Qc7 8.O-O Nbd7
9.f4 Be7 10.Kh1 O-O 11.g4 Nc5 12.g5 Nfd7 13.f5 Ne5 14.f6 Bd8 15.Qh5 Re8 16.Rf4
Ng6 17.Rf3 b5 18.fxg7 Kxg7 19.Rh3 Nf8 20.Nf5+ exf5 21.Qh6+ Kg8 22.Nd5 Re6
23.Nf6+ Rxf6 24.gxf6 Nce6 25.exf5 Bb7 26.Rg3+ Kh8 27.fxe6 Bxg2+ 28.Kxg2 Qxc2+
29.Bd2 Qe4+ 30.Kf1 Nxe6 31.Re1 Qf5+ 32.Kg1 Bxf6 33.Bc3 Bd4+ 34.Bxd4+ Nxd4
35.Qg7# 1-0

[Event "Tournament (Elo) (b)"]
[Site "masterchessopen.com Valencia (Spain)"]
[Date "2012.05.06"]
[Round "3"]
[White "Nieto Tornero Jose"]
[Black "Capdevila Brown Raudys Rafael"]
[Result "0-1"]
[WhiteElo "2016"]
[BlackElo "1957"]

1.e4 c5 2.Nc3 d6 3.Nf3 Nf6 4.d4 cxd4 5.Nxd4 e6 6.g3 Be7 7.Bg2 O-O 8.O-O Nc6
9.Nxc6 bxc6 10.e5 dxe5 11.Bxc6 Rb8 12.Qxd8 Rxd8 13.Be3 Rxb2 14.Bxa7 Ba6
15.Rfb1 Rxc2 16.Rb6 Bc4 17.Rb7 Bf8 {#R} 0-1

[Event "It (open)"]
[Site "masterchessopen.com Leiden (Netherlands)"]
[Date "2012.07.12"]
[Round "6"]
[White "Gieben Stijn (NED)"]
[Black "Rijnaarts Sjef (NED)"]
[Result "0-1"]
[WhiteElo "2061"]
[BlackElo "2319"]

1.e4 c5 2.Nf3 d6 3.d4 cxd4 4.Nxd4 Nf6 5.Nc3 e6 6.g3 Be7 7.Bg2 O-O 8.O-O Nc6
9.Be3 Bd7 10.Qe2 Qc7 11.Rad1 a6 12.f4 Rac8 13.f5 Nxd4 14.Bxd4 e5 15.Be3 Qa5
16.Bg5 Qb6+ 17.Kh1 Qxb2 18.Bxf6 Bxf6 19.Nd5 Bd8 20.Qh5 f6 21.g4 Rxc2 22.Bf3
Bb5 23.Rg1 Rf2 24.Rde1 Rxf3 25.g5 Rf2 26.gxf6 Bxf6 27.Nxf6+ Rxf6 28.Rxg7+ Kxg7
29.Rg1+ Kh8 {#R} 0-1

[Event "It (open)"]
[Site "masterchessopen.com Tabor (Czech Republic)"]
[Date "2012.08.03"]
[Round "7"]
[White "Weinzettl Ernst (AUT)"]
[Black "Pravdik Kamil (CZE)"]
[Result "1-0"]
[WhiteElo "2305"]
[BlackElo "2092"]

1.e4 c5 2.Nf3 e6 3.Nc3 d6 4.d4 cxd4 5.Nxd4 Nf6 6.g3 Be7 7.Bg2 O-O 8.O-O Nc6
9.b3 a6 10.Nce2 Rb8 11.c4 d5 12.exd5 exd5 13.cxd5 Nb4 14.Bf4 Bd6 15.Bg5 Be7
16.d6 Bxd6 17.a3 {#r} 1-0

[Event "Cup Russia (open)"]
[Site "masterchessopen.com Vladivostok (Russia)"]
[Date "2012.09.23"]
[Round "7"]
[White "Biryukov Mikhail (RUS)"]
[Black "Semeniuk Alexander A (RUS)"]
[Result "0-1"]
[WhiteElo "2199"]
[BlackElo "2417"]

1.e4 c5 2.Nf3 e6 3.d4 cxd4 4.Nxd4 Nf6 5.Nc3 d6 6.g3 Nc6 7.Bg2 Bd7 8.O-O Be7
9.Be3 O-O 10.Qe2 a6 11.a4 Qc7 12.Rad1 Rab8 13.Nb3 Ne5 14.h3 b5 15.axb5 axb5
16.f4 Nc4 17.Bc1 b4 18.Nb1 e5 19.Rfe1 Rfc8 20.Qf2 Ba4 21.Bf1 d5 22.Bxc4 dxc4
23.Na1 Bc5 24.Be3 Nxe4 25.Qg2 exf4 {#R} 0-1

[Event "It \"]
[Site "masterchessopen.com Saint Louis (USA)"]
[Date "2012.10.16"]
[Round "1"]
[White "Amanov Zhanibek (KAZ)"]
[Black "Robson Ray (USA)"]
[Result "0-1"]
[WhiteElo "2374"]
[BlackElo "2602"]

1.e4 c5 2.Nf3 d6 3.d4 cxd4 4.Nxd4 Nf6 5.Nc3 e6 6.g3 Bd7 7.Bg2 Nc6 8.Nb3 Rc8
9.O-O a6 10.a4 Be7 11.a5 Ne5 12.f4 Nc4 13.Qe2 e5 14.f5 b5 15.axb6 Qxb6+ 16.Kh1
h6 17.Rd1 O-O 18.g4 Bb5 19.Qf3 d5 20.Nxd5 Nxd5 21.exd5 e4 22.Qg3 e3 23.Re1 Bd6
24.Qh3 Rfe8 25.c3 e2 26.Nd4 Bc5 27.g5 hxg5 28.Bxg5 Bxd4 29.cxd4 f6 30.b3 Nb2
31.Bf4 Nd3 32.Bg3 Qxd4 33.d6 Rcd8 34.Qh5 Rxd6 {#R} 0-1